[Event "25th European Teams Women"]
[Site "Batumi GEO"]
[Date "2025.10.05"]
[Round "1.1"]
[Board "1"]
[White "Batsiashvili, Nino"]
[Black "Khukhashvili, Sopiko"]
[Result "1-0"]
[WhiteTitle "GM"]
[BlackTitle "IM"]
[WhiteElo "2469"]
[BlackElo "2304"]
[WhiteTeam "Georgia 1"]
[BlackTeam "Georgia 2"]
[WhiteFideId "13602993"]
[BlackFideId "13602055"]
[EventDate "2025.10.05"]

1. d4 Nf6 2. c4 e6 3. Nf3 b6 4. g3 Bb4+ 5. Bd2 c5 6. Bg2 Bb7 7. Bxb4 cxb4 8. a3
bxa3 9. Rxa3 Qc7 10. Nc3 a6 11. Qd3 d6 12. O-O O-O 13. e4 Nbd7 14. Nd2 e5 15. b4
Rfc8 16. f4 b5 17. fxe5 bxc4 18. exd6 Qxd6 19. Nxc4 Rxc4 20. Qxc4 Rc8 21. Qd3
Ne5 22. Qd1 Nc4 23. Rb3 Ne3 24. Nb5 axb5 25. Rxe3 Qxb4 26. e5 Bxg2 27. Kxg2 Nd5
28. Rd3 Qe7 29. Qb3 Qb7 30. Kg1 Rc4 31. Qd1 Rc7 32. Qf3 Qc6 33. Qe4 g6 34. Rdf3
Qe6 35. Qh4 Rd7 36. Rc1 Kg7 37. Qe4 b4 38. Kg2 Ra7 39. Rc5 Nc3 40. Qf4 Ra2+ 41.
Rf2 Rxf2+ 42. Kxf2 Qa2+ 43. Kf1 Qe2+ 44. Kg1 Qd1+ 45. Kg2 Qe2+ 46. Qf2 Qe4+ 47.
Qf3 Qxd4 48. Qf6+ Kh6 49. Qf4+ Qxf4 50. gxf4 Ne2 51. Kf3 Nd4+ 52. Ke3 Ne6 53.
Rb5 Kg7 54. Rxb4 Kf8 55. Ke4 Nc5+ 56. Kd5 Ne6 57. Kd6 h5 58. Rc4 Kg8 59. Ke7 Kg7
60. h4 Kg8 61. Kf6 1-0

[Event "25th European Teams Women"]
[Site "Batumi GEO"]
[Date "2025.10.05"]
[Round "1.1"]
[Board "2"]
[White "Khurtsilava, Inga"]
[Black "Javakhishvili, Lela"]
[Result "0-1"]
[WhiteTitle "WGM"]
[BlackTitle "IM"]
[WhiteElo "2128"]
[BlackElo "2423"]
[WhiteTeam "Georgia 2"]
[BlackTeam "Georgia 1"]
[WhiteFideId "13600419"]
[BlackFideId "13601458"]
[EventDate "2025.10.05"]

1. d4 Nf6 2. Nf3 d5 3. e3 c5 4. Nbd2 Nbd7 5. Be2 g6 6. O-O Bg7 7. dxc5 Nxc5 8.
c4 O-O 9. Nb3 Nce4 10. cxd5 Nxd5 11. Bc4 Nb4 12. a3 Nc6 13. Bd5 Nd6 14. Nbd4 Qb6
15. Qb3 Qxb3 16. Nxb3 Nd8 17. Na5 Be6 18. e4 Bxd5 19. exd5 Rc8 20. Bg5 Re8 21.
Rae1 e5 22. b4 h6 23. Bc1 b6 24. Nb3 N8b7 25. Nfd2 Rc2 26. g4 f5 27. gxf5 gxf5
28. Re2 Rec8 29. Rfe1 Nf7 30. Nb1 Nbd6 31. Kf1 R2c4 32. Bb2 Rh4 33. f3 Nc4 34.
Bc1 Rd8 35. Rd1 Ng5 36. Kg2 Bf6 37. Be3 Nxe3+ 38. Rxe3 Kf7 39. Nc3 Rg8 40. Kh1
Nh3 41. Rf1 Rh5 42. f4 Nxf4 43. Ne2 Rg2 0-1

[Event "25th European Teams Women"]
[Site "Batumi GEO"]
[Date "2025.10.05"]
[Round "1.1"]
[Board "3"]
[White "Khotenashvili, Bella"]
[Black "Gvetadze, Sofio"]
[Result "1-0"]
[WhiteTitle "GM"]
[BlackTitle "IM"]
[WhiteElo "2416"]
[BlackElo "2298"]
[WhiteTeam "Georgia 1"]
[BlackTeam "Georgia 2"]
[WhiteFideId "13602640"]
[BlackFideId "13601440"]
[EventDate "2025.10.05"]

1. d4 g6 2. c4 Bg7 3. e4 c5 4. d5 d6 5. Nf3 Bg4 6. h3 Bxf3 7. Qxf3 Na6 8. Nc3
Nf6 9. Be2 Nb4 10. Bd1 Nd7 11. O-O O-O 12. Qe2 e6 13. a3 Na6 14. Nb5 Qe7 15. Qc2
Nb6 16. Bf4 e5 17. Be3 f5 18. exf5 gxf5 19. f4 e4 20. Be2 Nb8 21. Rab1 a6 22.
Nc3 Bd4 23. Qd2 Qg7 24. Rbd1 Bf6 25. Kh2 Kh8 26. Rg1 N8d7 27. g4 Rae8 28. gxf5
Qh6 29. b3 Ne5 30. fxe5 Bxe5+ 31. Kg2 Rg8+ 32. Bg4 Qh4 33. Kf1 Rxg4 34. hxg4
Qh3+ 35. Rg2 Rg8 36. Kg1 Nd7 37. g5 Bg3 38. Nxe4 Ne5 39. Rxg3 Qxf5 40. Qg2 1-0

[Event "25th European Teams Women"]
[Site "Batumi GEO"]
[Date "2025.10.05"]
[Round "1.1"]
[Board "4"]
[White "Koridze, Lile"]
[Black "Arabidze, Meri"]
[Result "0-1"]
[WhiteTitle "WFM"]
[BlackTitle "IM"]
[WhiteElo "2104"]
[BlackElo "2417"]
[WhiteTeam "Georgia 2"]
[BlackTeam "Georgia 1"]
[WhiteFideId "13612514"]
[BlackFideId "13604040"]
[EventDate "2025.10.05"]

1. d4 Nf6 2. Nf3 d5 3. g3 e6 4. Bg2 Be7 5. O-O Ne4 6. c4 f5 7. b3 Nc6 8. Ba3 Bf6
9. e3 h5 10. h4 g5 11. hxg5 Bxg5 12. cxd5 exd5 13. Ne5 h4 14. Bf3 Nxe5 15. dxe5
Be6 16. g4 f4 17. Nd2 Nxd2 18. Qxd2 fxe3 19. Qd3 Rg8 20. Qb5+ Qd7 21. Qxb7 Rd8
22. Be2 exf2+ 23. Kxf2 c6 24. Qxd7+ Rxd7 25. Kg2 Rdg7 26. Kh3 Be3 27. Rae1 d4
28. Rf6 Kd7 29. Bd6 Bxg4+ 30. Bxg4+ Rxg4 31. Ref1 Rg3+ 32. Kxh4 Rg2 33. Rf7+ Ke6
34. R1f6+ Kd5 35. Kh3 R8g3+ 36. Kh4 Bg5+ 37. Kh5 Bxf6 0-1

[Event "25th European Teams Women"]
[Site "Batumi GEO"]
[Date "2025.10.05"]
[Round "1.2"]
[Board "1"]
[White "Brunello, Marina"]
[Black "Kashlinskaya, Alina"]
[Result "1/2-1/2"]
[WhiteTitle "IM"]
[BlackTitle "IM"]
[WhiteElo "2287"]
[BlackElo "2450"]
[WhiteTeam "Italy"]
[BlackTeam "Poland"]
[WhiteFideId "822590"]
[BlackFideId "4198026"]
[EventDate "2025.10.05"]

1. e4 e5 2. Nf3 Nc6 3. Bc4 Nf6 4. d3 Bc5 5. c3 a6 6. Bb3 Ba7 7. O-O d6 8. Be3
O-O 9. Nbd2 h6 10. h3 Re8 11. Re1 Be6 12. Bxe6 Rxe6 13. Bxa7 Rxa7 14. d4 Re8 15.
Qb3 a5 16. d5 Nb8 17. Nc4 Nbd7 18. Qc2 a4 19. b4 axb3 20. axb3 Qa8 21. Rxa7 Qxa7
22. b4 Ra8 23. Nfd2 Qa2 24. Qd3 b6 25. g3 Nf8 26. Rb1 Ng6 27. Nb3 Qa6 28. Nbd2
Qc8 29. Kg2 h5 30. h4 Ra2 31. Ne3 Ng4 32. Nc2 Qa8 33. c4 Qa4 34. Nb3 Nf8 35. Ra1
Nd7 36. Rxa2 Qxa2 37. Nd2 Qb2 38. Nf3 Ndf6 39. Ng5 g6 40. Nf3 Kg7 41. Nfe1 Nh6
42. f3 Qc1 43. Qe3 Qd1 44. Qd3 Qc1 45. Qe3 Qd1 46. c5 bxc5 47. bxc5 Nd7 48. cxd6
cxd6 49. Qd3 Qc1 50. Qe3 Qb1 51. Qd2 Nc5 52. Nd3 Nxd3 53. Qxd3 Qb2 54. Qc4 f5
55. Qc7+ Nf7 56. Qc4 Qc1 57. Qe2 f4 58. gxf4 Qxf4 59. Qf2 Kg8 60. Ne3 Kg7 61.
Nc4 Qc1 62. Ne3 Nh6 63. Qg1 Qd2+ 64. Qf2 Qc1 1/2-1/2

[Event "25th European Teams Women"]
[Site "Batumi GEO"]
[Date "2025.10.05"]
[Round "1.2"]
[Board "2"]
[White "Maltsevskaya, Aleksandra"]
[Black "Sedina, Elena"]
[Result "1-0"]
[WhiteTitle "IM"]
[BlackTitle "IM"]
[WhiteElo "2394"]
[BlackElo "2233"]
[WhiteTeam "Poland"]
[BlackTeam "Italy"]
[WhiteFideId "24174041"]
[BlackFideId "812153"]
[EventDate "2025.10.05"]

1. e4 e6 2. d4 d5 3. e5 c5 4. c3 Nc6 5. Nf3 Bd7 6. Be2 Nge7 7. O-O Ng6 8. g3 Be7
9. h4 cxd4 10. cxd4 O-O 11. h5 Nh8 12. Na3 f6 13. Nc2 Nf7 14. Bf4 fxe5 15. dxe5
Ng5 16. Bxg5 Bxg5 17. Nfd4 Qb6 18. Kg2 Be7 19. f4 Bc5 20. Nf3 Rac8 21. Rb1 a5
22. Bd3 Be7 23. Qe2 Nb4 24. Nxb4 Qxb4 25. a3 Qb6 26. Ng5 Bxg5 27. fxg5 Qc5 28.
g6 h6 29. Rf7 Be8 30. b4 axb4 31. axb4 Qd4 32. Rxf8+ Kxf8 33. Rf1+ Ke7 34. Rf4
Qa1 35. Rf2 Rc1 36. Qf3 Qxe5 37. Qf8+ Kd8 38. Ra2 Kc7 39. Qxe8 Qxh5 40. Qe7+ Kb8 1-0

[Event "25th European Teams Women"]
[Site "Batumi GEO"]
[Date "2025.10.05"]
[Round "1.2"]
[Board "3"]
[White "Zimina, Olga"]
[Black "Kiolbasa, Oliwia"]
[Result "0-1"]
[WhiteTitle "IM"]
[BlackTitle "IM"]
[WhiteElo "2274"]
[BlackElo "2388"]
[WhiteTeam "Italy"]
[BlackTeam "Poland"]
[WhiteFideId "4132190"]
[BlackFideId "1154613"]
[EventDate "2025.10.05"]

1. d4 Nf6 2. Nf3 e6 3. Bf4 h6 4. c3 b6 5. Nbd2 Nh5 6. Be3 f5 7. Ne5 Qf6 8. g4
Bb7 9. Ndf3 fxg4 10. Nxg4 Qf5 11. Rg1 d6 12. Nh4 Qf7 13. Qc2 Nd7 14. Ng6 Rg8 15.
Bg2 Bxg2 16. Rxg2 Qf5 17. O-O-O Qxc2+ 18. Kxc2 Kf7 19. Nxf8 Rgxf8 20. Rdg1 Ke7
21. h4 c5 22. b3 cxd4 23. cxd4 b5 24. Bd2 Nb6 25. Kd3 Nd5 26. e3 a5 27. f4 a4
28. Nf2 axb3 29. axb3 Ra3 30. Kc2 Ra2+ 31. Kd3 Rc8 32. Ne4 Rb2 33. Ra1 Rxb3+ 34.
Ke2 b4 35. Rgg1 Ra3 36. Rxa3 bxa3 37. Ra1 Ra8 38. Ra2 Nhf6 39. Nxf6 Kxf6 40. Kd3
Ra4 41. e4 Nc7 42. e5+ dxe5 43. fxe5+ Kf5 44. Bc3 Nd5 45. Ba1 Nb4+ 0-1

[Event "25th European Teams Women"]
[Site "Batumi GEO"]
[Date "2025.10.05"]
[Round "1.2"]
[Board "4"]
[White "Kulon, Klaudia"]
[Black "Gueci, Tea"]
[Result "1/2-1/2"]
[WhiteTitle "IM"]
[BlackTitle "WIM"]
[WhiteElo "2336"]
[BlackElo "2175"]
[WhiteTeam "Poland"]
[BlackTeam "Italy"]
[WhiteFideId "1131044"]
[BlackFideId "872342"]
[EventDate "2025.10.05"]

1. e4 c5 2. d4 cxd4 3. Qxd4 Nc6 4. Qd3 d6 5. Nc3 g6 6. Nf3 Bg7 7. Be2 Nf6 8. O-O
O-O 9. Nd5 Bg4 10. c3 Rc8 11. Bg5 Nxd5 12. exd5 Ne5 13. Nxe5 Bxe2 14. Qxe2 dxe5
15. Rfd1 Qd6 16. Be3 b6 17. a4 f5 18. f3 e6 19. Qb5 f4 20. Bf2 Rfd8 21. Bh4 Rf8
22. dxe6 Qxe6 23. Rd7 Rc5 24. Qd3 Rf7 25. Rd1 Rxd7 26. Qxd7 Qxd7 27. Rxd7 a6 28.
Ra7 Ra5 29. b3 e4 30. fxe4 Bxc3 31. Bf2 Re5 32. Rxa6 Rxe4 33. Rxb6 Re2 34. b4
Ra2 35. Bc5 Rxa4 36. Kf2 Bd2 37. Kf3 Ra3+ 38. Ke4 Be3 39. Rb8+ Kf7 40. Bd6 Ra2
41. Ke5 g5 42. Kf5 Rxg2 43. Rb7+ Kg8 44. Be5 Rxh2 45. Ke6 Rh6+ 46. Ke7 Rb6 47.
Rd7 h6 48. Rd8+ Kh7 49. Kf7 Rb7+ 50. Kf6 f3 51. Kf5 Rf7+ 52. Kg4 f2 53. Rh8+ Kg6
54. Rg8+ 1/2-1/2

[Event "25th European Teams Women"]
[Site "Batumi GEO"]
[Date "2025.10.05"]
[Round "1.3"]
[Board "1"]
[White "Osmak, Yuliia"]
[Black "Badelka, Olga"]
[Result "1/2-1/2"]
[WhiteTitle "IM"]
[BlackTitle "IM"]
[WhiteElo "2464"]
[BlackElo "2377"]
[WhiteTeam "Ukraine"]
[BlackTeam "Austria"]
[WhiteFideId "14101602"]
[BlackFideId "13509926"]
[EventDate "2025.10.05"]

1. c4 e6 2. Nc3 d5 3. d4 Nf6 4. cxd5 exd5 5. Bg5 Be7 6. e3 O-O 7. Bd3 h6 8. Bh4
c6 9. Nge2 Ne8 10. Bg3 Nd6 11. Qc2 Re8 12. O-O Bf8 13. Rad1 a5 14. Rfe1 Na6 15.
a3 Nc7 16. Na4 Ne6 17. Nf4 Nxf4 18. Bxf4 Ne4 19. f3 Ng5 20. Bg3 Ne6 21. Nc3 b5
22. Ne2 Qb6 23. Bf2 b4 24. e4 Ba6 25. Bxa6 Qxa6 26. a4 Rac8 27. Qb3 dxe4 28.
fxe4 c5 29. d5 c4 30. Qc2 b3 31. Qb1 Nc5 32. Bxc5 Bxc5+ 33. Kh1 Qg6 34. Nd4 Bxd4
35. Rxd4 c3 36. bxc3 Rxc3 37. d6 Rd8 38. e5 Re3 39. Rdd1 Rxe1+ 40. Rxe1 Qxb1 41.
Rxb1 f6 42. Rxb3 fxe5 43. Rb5 1/2-1/2

[Event "25th European Teams Women"]
[Site "Batumi GEO"]
[Date "2025.10.05"]
[Round "1.3"]
[Board "2"]
[White "Schloffer, Jasmin-Denise"]
[Black "Gaponenko, Inna"]
[Result "1/2-1/2"]
[WhiteTitle "WIM"]
[BlackTitle "IM"]
[WhiteElo "2186"]
[BlackElo "2340"]
[WhiteTeam "Austria"]
[BlackTeam "Ukraine"]
[WhiteFideId "1631209"]
[BlackFideId "14101181"]
[EventDate "2025.10.05"]

1. d4 d5 2. c4 dxc4 3. Nf3 Nf6 4. e3 e6 5. Bxc4 a6 6. O-O b5 7. Bd3 Bb7 8. b3
Nbd7 9. Bb2 c5 10. Nc3 cxd4 11. exd4 Nb6 12. Ne5 Be7 13. Rc1 O-O 14. Bb1 b4 15.
Ne2 Be4 16. Bxe4 Nxe4 17. Qd3 Nf6 18. Nc6 Qd7 19. Nxe7+ Qxe7 20. Nf4 Nbd5 21.
Nxd5 Nxd5 22. Rc5 Qb7 23. Qg3 a5 24. h4 Qb8 25. Qd3 a4 26. Bc1 axb3 27. axb3 Ra2
28. Bd2 Qd6 29. g3 Rd8 30. Rfc1 h6 31. Rc6 Qd7 32. R6c4 Qd6 33. Rc6 Qd7 34. R6c4
Qd6 1/2-1/2

[Event "25th European Teams Women"]
[Site "Batumi GEO"]
[Date "2025.10.05"]
[Round "1.3"]
[Board "3"]
[White "Zhukova, Natalia"]
[Black "Exler, Veronika"]
[Result "1-0"]
[WhiteTitle "GM"]
[BlackTitle "WIM"]
[WhiteElo "2305"]
[BlackElo "2180"]
[WhiteTeam "Ukraine"]
[BlackTeam "Austria"]
[WhiteFideId "14101513"]
[BlackFideId "1620550"]
[EventDate "2025.10.05"]

1. c4 Nf6 2. Nc3 g6 3. e4 e5 4. Nf3 Bg7 5. Nxe5 O-O 6. Nf3 Re8 7. Bd3 Nxe4 8.
Bxe4 f5 9. d3 fxe4 10. dxe4 d6 11. O-O Bxc3 12. bxc3 Be6 13. Re1 Nc6 14. Rb1 b6
15. Bh6 Qf6 16. Bg5 Qf7 17. Nd4 Nxd4 18. cxd4 Bxc4 19. d5 Bxa2 20. Rb4 a5 21.
Ra4 Bxd5 22. exd5 Rxe1+ 23. Qxe1 Re8 24. Re4 Rxe4 25. Qxe4 a4 26. Qxa4 Qxd5 27.
Qe8+ Kg7 28. Qe7+ Kg8 29. Qd8+ Kf7 30. Qxc7+ Kg8 31. Qd8+ Kf7 32. Qf6+ Kg8 33.
h4 1-0

[Event "25th European Teams Women"]
[Site "Batumi GEO"]
[Date "2025.10.05"]
[Round "1.3"]
[Board "4"]
[White "Deak-Sala, Emilia"]
[Black "Piddubna, Bozhena"]
[Result "1-0"]
[WhiteTitle "WFM"]
[BlackTitle "WFM"]
[WhiteElo "2170"]
[BlackElo "2265"]
[WhiteTeam "Austria"]
[BlackTeam "Ukraine"]
[WhiteFideId "795615"]
[BlackFideId "34109293"]
[EventDate "2025.10.05"]

1. e4 e5 2. Nf3 Nf6 3. Nxe5 d6 4. Nf3 Nxe4 5. Qe2 Qe7 6. d3 Nf6 7. Bg5 Qxe2+ 8.
Bxe2 Be7 9. Nc3 O-O 10. O-O-O h6 11. Bh4 a6 12. h3 b5 13. Nd2 Nbd7 14. Bf3 Rb8
15. g4 Nc5 16. Rhe1 Bd8 17. Bg3 Ne6 18. Nb3 Nd7 19. d4 Nb6 20. h4 g6 21. Na5 Bd7
22. Nc6 Rc8 23. Nxd8 Rcxd8 24. d5 Ng7 25. Bf4 Kh7 26. g5 Bc8 27. gxh6 Nf5 28.
Ne4 Nxh4 29. Nf6+ Kh8 30. Be4 Nd7 31. Bg5 Nf5 32. Bxf5 gxf5 33. Rg1 Ne5 34. Nh5
Ng6 35. Bxd8 Rxd8 36. Nf6 f4 37. Rg5 Bb7 38. Re1 c6 39. Rxg6 1-0

[Event "25th European Teams Women"]
[Site "Batumi GEO"]
[Date "2025.10.05"]
[Round "1.4"]
[Board "1"]
[White "Unuk, Laura"]
[Black "Fataliyeva, Ulviyya"]
[Result "0-1"]
[WhiteTitle "IM"]
[BlackTitle "IM"]
[WhiteElo "2317"]
[BlackElo "2410"]
[WhiteTeam "Slovenia"]
[BlackTeam "Azerbaijan"]
[WhiteFideId "14609215"]
[BlackFideId "13403052"]
[EventDate "2025.10.05"]

1. d4 Nf6 2. c4 e6 3. Nf3 d5 4. g3 Be7 5. Bg2 O-O 6. O-O dxc4 7. Qc2 a6 8. a4
Bd7 9. Qxc4 Bc6 10. Bg5 Nbd7 11. Nc3 a5 12. Rfd1 h6 13. Bxf6 Nxf6 14. Ne5 Bxg2
15. Kxg2 c6 16. e4 Bb4 17. d5 Qb8 18. d6 Bxd6 19. Nd3 Rd8 20. h3 e5 21. f3 Qa7
22. Ne2 Qe3 23. Qc2 Bc7 24. g4 Nxe4 25. fxe4 Qxe4+ 26. Kh2 Qf3 27. Ne1 e4+ 28.
Kg1 Qxh3 29. Qxe4 Re8 30. Qf3 Bb6+ 31. Nd4 Rxe1+ 32. Kf2 Bxd4+ 0-1

[Event "25th European Teams Women"]
[Site "Batumi GEO"]
[Date "2025.10.05"]
[Round "1.4"]
[Board "2"]
[White "Beydullayeva, Govhar"]
[Black "Urh, Zala"]
[Result "1-0"]
[WhiteTitle "WGM"]
[BlackTitle "WIM"]
[WhiteElo "2362"]
[BlackElo "2252"]
[WhiteTeam "Azerbaijan"]
[BlackTeam "Slovenia"]
[WhiteFideId "13413015"]
[BlackFideId "14611481"]
[EventDate "2025.10.05"]

1. d4 Nf6 2. c4 g6 3. Nf3 Bg7 4. g3 d5 5. cxd5 Nxd5 6. Bg2 Nb6 7. O-O Nc6 8. e3
O-O 9. Nc3 Re8 10. h3 a5 11. Qc2 e5 12. dxe5 Nxe5 13. Nxe5 Bxe5 14. Rd1 Qe7 15.
e4 c6 16. Be3 Nc4 17. Bd4 Bxd4 18. Rxd4 Be6 19. Ne2 Nd6 20. a4 Rad8 21. Nf4 Nc8
22. Rad1 Rxd4 23. Rxd4 Rd8 24. Rxd8+ Qxd8 25. Nxe6 fxe6 26. Qb3 Qd7 27. h4 Kf7
28. Bh3 Nd6 29. Qf3+ Ke8 30. Qc3 Qf7 31. Qxa5 Kd7 32. Qe5 Qe7 33. Kg2 Qf7 34.
Qd4 Kc7 35. a5 Nc8 36. Qc4 Kd7 37. Qd3+ Kc7 38. Qb3 Nd6 39. Qb6+ Kb8 40. Qd8+
Nc8 41. e5 c5 42. Qf6 Qc7 43. Qxe6 Ne7 44. Qd6 Qxd6 45. exd6 Nc6 46. Kf3 Nxa5
47. Be6 Nc6 48. Ke4 b6 49. g4 Nd4 50. Kd5 Kb7 51. f4 Ne2 52. f5 gxf5 53. gxf5
Nf4+ 54. Ke4 Ng2 55. h5 Kc6 56. d7 Kc7 57. f6 1-0

[Event "25th European Teams Women"]
[Site "Batumi GEO"]
[Date "2025.10.05"]
[Round "1.4"]
[Board "3"]
[White "Shpanko, Nadiia"]
[Black "Mammadova, Gulnar"]
[Result "0-1"]
[WhiteTitle "WIM"]
[BlackTitle "IM"]
[WhiteElo "2174"]
[BlackElo "2323"]
[WhiteTeam "Slovenia"]
[BlackTeam "Azerbaijan"]
[WhiteFideId "14132400"]
[BlackFideId "13403508"]
[EventDate "2025.10.05"]

1. c4 e5 2. Nc3 Nf6 3. Nf3 Nc6 4. e4 Bb4 5. d3 d6 6. a3 Bc5 7. b4 Bb6 8. Na4 Bd4
9. Rb1 Bg4 10. Be2 Bxf3 11. Bxf3 O-O 12. O-O a6 13. Be3 b5 14. Nb2 Ba7 15. g3
Nd4 16. Bg2 c6 17. Kh1 Qd7 18. f4 Qg4 19. Bf3 Nxf3 20. Qxf3 Qxf3+ 21. Rxf3 Bxe3
22. Rxe3 a5 23. Ree1 axb4 24. axb4 Ra3 25. c5 dxc5 26. fxe5 Ng4 27. bxc5 Rd8 28.
Kg2 Rb3 29. Re2 Nxe5 30. Rd1 Rd4 31. Kf2 Rdb4 32. d4 Ng4+ 33. Kg1 Rxb2 34. Rxb2
Rxb2 35. d5 cxd5 36. Rc1 Ra2 37. c6 Ra8 38. exd5 Ne5 39. d6 Rc8 40. Re1 Nxc6 41.
Rc1 Kf8 42. d7 Rd8 43. Rxc6 Rxd7 44. Rb6 Rd5 45. Rb7 h5 46. Kg2 Rd2+ 47. Kg1 Rb2
48. Rc7 b4 49. h4 g6 50. Rb7 Ke8 51. Kf1 b3 52. Kg1 Kd8 53. Kf1 Kc8 54. Rb4 Kd7
55. Ke1 Ke6 56. Rb7 f6 57. Rb5 Kd6 58. Rb8 Kc5 59. Rb7 Kc4 60. Rc7+ Kd3 61. Rd7+
Ke3 62. Re7+ Kf3 63. Re6 f5 64. Rxg6 Rh2 65. Rb6 b2 66. Rb3+ Kg4 0-1

[Event "25th European Teams Women"]
[Site "Batumi GEO"]
[Date "2025.10.05"]
[Round "1.4"]
[Board "4"]
[White "Allahverdiyeva, Ayan"]
[Black "Vidic, Teja"]
[Result "1-0"]
[WhiteTitle "WIM"]
[BlackTitle "WIM"]
[WhiteElo "2220"]
[BlackElo "2119"]
[WhiteTeam "Azerbaijan"]
[BlackTeam "Slovenia"]
[WhiteFideId "13412590"]
[BlackFideId "14605511"]
[EventDate "2025.10.05"]

1. e4 e5 2. Nf3 Nc6 3. Bb5 a6 4. Ba4 Nf6 5. O-O Be7 6. Re1 b5 7. Bb3 O-O 8. a4
b4 9. d4 d6 10. dxe5 dxe5 11. Nbd2 Bc5 12. a5 Qd6 13. Qe2 Be6 14. Bxe6 Qxe6 15.
Nb3 Nd4 16. Nfxd4 Bxd4 17. h3 Rfe8 18. Rb1 Rac8 19. Bd2 Rb8 20. Be3 Bxe3 21.
Qxe3 Qc4 22. Qc5 Qxc5 23. Nxc5 Rb5 24. Nxa6 Rc8 25. Ra1 Ne8 26. c4 bxc3 27. bxc3
Ra8 28. c4 Rb2 29. Nc5 Rc2 30. a6 Rxc4 31. Reb1 Rxc5 32. a7 Kf8 33. Rb8 Rxa7 34.
Rxa7 Ke7 35. Rc8 h5 36. h4 g6 37. f3 Kd7 38. Rca8 Nd6 39. Ra2 Ke7 40. Kf2 f5 41.
exf5 Nxf5 42. R8a5 Rxa5 43. Rxa5 Kd6 44. Ra4 Kd5 45. g3 c6 46. Ra6 Nd4 47. Ra8
Nf5 48. g4 hxg4 49. fxg4 Nxh4 50. Kg3 g5 51. Rg8 Ke4 52. Rxg5 Nf3 53. Rg6 Nd4
54. Rf6 c5 55. g5 Ne2+ 56. Kf2 Nc3 57. g6 Kd5 58. Rf8 Ne4+ 59. Ke3 Nd6 60. g7 1-0

[Event "25th European Teams Women"]
[Site "Batumi GEO"]
[Date "2025.10.05"]
[Round "1.5"]
[Board "1"]
[White "Stefanova, Antoaneta"]
[Black "Movsesian, Julia"]
[Result "1-0"]
[WhiteTitle "GM"]
[BlackTitle "WGM"]
[WhiteElo "2393"]
[BlackElo "2220"]
[WhiteTeam "Bulgaria"]
[BlackTeam "Czech Republic"]
[WhiteFideId "2902257"]
[BlackFideId "4139690"]
[EventDate "2025.10.05"]

1. e4 c5 2. Nf3 e6 3. b3 b6 4. Bb2 Bb7 5. Nc3 Nc6 6. Qe2 Rc8 7. O-O-O d6 8. d4
cxd4 9. Nxd4 Nxd4 10. Rxd4 Ne7 11. f4 Nc6 12. Rd2 a6 13. Kb1 Qc7 14. f5 Ne5 15.
fxe6 fxe6 16. Qh5+ Qf7 17. Qxf7+ Kxf7 18. g3 h5 19. Bg2 Kg8 20. Ne2 Rh6 21. a4
Nd7 22. Nf4 Nc5 23. Re1 Bc6 24. Nd3 Be8 25. Bd4 Bf7 26. Be3 Rg6 27. Nf4 Rf6 28.
h4 e5 29. Nd5 Bxd5 30. Rxd5 a5 31. Rd2 Kh8 32. Bg5 Rf7 33. Bh3 Rb8 34. Bf5 b5
35. axb5 Rxb5 36. Kc1 a4 37. bxa4 Nxa4 38. Rd3 Rc7 39. Ra3 Ra7 40. Be6 d5 41.
Ra2 d4 42. Rf1 Bb4 43. Rf7 Rxf7 44. Bxf7 Ra5 45. Bxh5 Nc5 46. Rxa5 Bxa5 47. Bg6
Be1 48. Be7 Nd7 49. g4 Nf6 50. g5 Ng8 51. Bd8 Bxh4 52. Kd1 Nh6 53. Bh5 Kg8 54.
Ke2 Kh8 55. Kf3 Ng8 56. Kg4 Be1 57. Kf5 Bc3 58. Bf7 Bb2 59. Ke6 1-0

[Event "25th European Teams Women"]
[Site "Batumi GEO"]
[Date "2025.10.05"]
[Round "1.5"]
[Board "2"]
[White "Zelbova, Lada"]
[Black "Salimova, Nurgyul"]
[Result "0-1"]
[WhiteTitle "WFM"]
[BlackTitle "IM"]
[WhiteElo "2169"]
[BlackElo "2385"]
[WhiteTeam "Czech Republic"]
[BlackTeam "Bulgaria"]
[WhiteFideId "23717882"]
[BlackFideId "2915138"]
[EventDate "2025.10.05"]

1. d4 d5 2. Nf3 Nf6 3. Bf4 c5 4. e3 Nc6 5. Nbd2 Nh5 6. Be5 e6 7. Bb5 Bd7 8. Bxc6
Bxc6 9. dxc5 Bxc5 10. g4 Nf6 11. g5 Nd7 12. Bxg7 Rg8 13. Bd4 Bd6 14. h4 e5 15.
Bc3 Rg6 16. Qe2 b5 17. Nf1 b4 18. Bd2 Re6 19. Ng3 Qb6 20. O-O-O Bb5 21. Qe1 Qc5
22. Kb1 Rc8 23. Rc1 Bf8 24. h5 Bc4 25. b3 Qa5 26. a4 Nb6 27. Kb2 Nxa4+ 28. bxa4
Qxa4 29. Ra1 Ba2 30. Rxa2 Rxc2+ 31. Kb1 Qxa2# 0-1

[Event "25th European Teams Women"]
[Site "Batumi GEO"]
[Date "2025.10.05"]
[Round "1.5"]
[Board "3"]
[White "Krasteva, Beloslava"]
[Black "Worek, Joanna"]
[Result "1-0"]
[WhiteTitle "FM"]
[BlackTitle "WGM"]
[WhiteElo "2316"]
[BlackElo "2209"]
[WhiteTeam "Bulgaria"]
[BlackTeam "Czech Republic"]
[WhiteFideId "2922029"]
[BlackFideId "1118080"]
[EventDate "2025.10.05"]

1. d4 Nf6 2. Nf3 e6 3. Bg5 d5 4. Nbd2 Be7 5. e3 O-O 6. Bd3 Nbd7 7. c3 c5 8. Ne5
Nxe5 9. dxe5 Nd7 10. Bxe7 Qxe7 11. f4 f6 12. exf6 Qxf6 13. O-O e5 14. Bc2 Qe6
15. Qh5 Nf6 16. Qxe5 Qb6 17. c4 Re8 18. Qc3 d4 19. exd4 cxd4 20. Qb3 Qc5 21. Qb5
Qxb5 22. cxb5 Bg4 23. Nf3 Rad8 24. Rad1 Bxf3 25. Rxf3 Re7 26. h3 g6 27. g4 Kg7
28. Rfd3 Red7 29. Ra3 b6 30. Kf2 Rc8 31. Bb1 Rc5 32. Rb3 Ne8 33. Rb4 Rcd5 34.
Be4 R5d6 35. Bc6 Re7 36. Rbxd4 Rde6 37. Rd7 Nf6 38. Rxe7+ Rxe7 39. Kf3 h6 40. a4
g5 41. f5 Re5 42. b4 h5 43. Rd8 hxg4+ 44. hxg4 Re1 45. Ra8 Rb1 46. Rxa7+ Kh6 47.
a5 Rb3+ 48. Ke2 bxa5 49. bxa5 Nd5 50. Ra8 Nb4 51. a6 Ra3 52. f6 Kg6 53. a7 Kf7
54. Rh8 1-0

[Event "25th European Teams Women"]
[Site "Batumi GEO"]
[Date "2025.10.05"]
[Round "1.5"]
[Board "4"]
[White "Lhotska, Anna"]
[Black "Toncheva, Nadya"]
[Result "0-1"]
[WhiteTitle "WFM"]
[BlackTitle "FM"]
[WhiteElo "2165"]
[BlackElo "2332"]
[WhiteTeam "Czech Republic"]
[BlackTeam "Bulgaria"]
[WhiteFideId "376183"]
[BlackFideId "2924056"]
[EventDate "2025.10.05"]

1. e4 c5 2. Nf3 e6 3. d4 cxd4 4. Nxd4 a6 5. Bd3 Bc5 6. Nb3 Ba7 7. Qe2 Ne7 8. c4
Nbc6 9. Nc3 d6 10. Be3 O-O 11. O-O e5 12. Bxa7 Rxa7 13. Rfd1 Be6 14. Rac1 Ra8
15. Qd2 Qe8 16. Nd5 Rc8 17. Nb6 Rd8 18. Nd5 Ng6 19. Qe3 Qd7 20. Qb6 Nf4 21. Bf1
f5 22. Nxf4 exf4 23. Nc5 Qe8 24. Nxb7 Rb8 25. Rxd6 Bd7 26. Rcd1 Ne5 27. c5 fxe4
28. Bxa6 Kh8 29. Qb3 Ba4 30. Qd5 Bxd1 31. Qxd1 f3 32. g3 e3 33. fxe3 Ng4 34. Kh1
Nf2+ 0-1